|
|
|
|
| LEADER |
00702nam a22001817a 4500 |
| 020 |
|
|
|a 9788176381680
|
| 082 |
|
|
|a M 894.812 092
|b LIS/K
|
| 100 |
|
|
|a Lissy Mathew
|
| 245 |
|
|
|a Kesari Vengayil Kunjiraman Nayanar:
|c by Lissy Mathew.
|b jeevacharithram/
|
| 260 |
|
|
|a Thiruvanathapuram:
|b Kerala Bhasha Institute,
|c 2012.
|
| 300 |
|
|
|a 94p.
|
| 650 |
|
|
|a Collected Works Kesari Vengayil Kunjiraman Nayanar
|
| 650 |
|
|
|a Biography Kesari Vengayil Kunjiraman Nayanar
|
| 650 |
|
|
|a Literature Malayalam
|
| 650 |
|
|
|a Literature
|
| 942 |
|
|
|c BK
|
| 999 |
|
|
|c 57979
|d 57979
|
| 952 |
|
|
|0 0
|1 0
|4 0
|6 M_894_812000000000000_092_LIS_K
|7 0
|9 81159
|a SSUS
|b SSUS
|c STACKS
|d 2015-12-23
|g 40.00
|o M 894.812 092 LIS/K
|p 079944
|r 2015-12-23
|w 2015-12-23
|y BK
|